Central Library OPAC University of Rajshahi

An essay concerning human understanding / (Record no. 30068)

MARC details
000 -LEADER
fixed length control field 00651nam a22002177a 4500
001 - CONTROL NUMBER
control field 30068
003 - CONTROL NUMBER IDENTIFIER
rucl marc code BD-RjUL
005 - DATE AND TIME OF LATEST TRANSACTION
control field 20211209051515.0
008 - FIXED-LENGTH DATA ELEMENTS--GENERAL INFORMATION
fixed length control field 140408s1961 enk||||| |||| 00| 0 eng d
035 ## - SYSTEM CONTROL NUMBER
System control number (BD-RjUL) 30153
040 ## - CATALOGING SOURCE
Original cataloging agency BD-RjUL
Language of cataloging eng
Transcribing agency BD-RjUL
Modifying agency BD-RjUL
041 ## - LANGUAGE CODE
Language code of text/sound track or separate title eng
082 04 - DEWEY DECIMAL CLASSIFICATION NUMBER
Edition number 16
Classification number 192
Author mark and year LOE 1961
100 1# - MAIN ENTRY--PERSONAL NAME
Personal name Locke, John
9 (RLIN) 91445
245 12 - TITLE STATEMENT
Title An essay concerning human understanding /
Statement of responsibility, etc. by John Locke
Number of part/section of a work Vol-2
260 ## - PUBLICATION, DISTRIBUTION, ETC. (IMPRINT)
Place of publication, distribution, etc. London ;
-- New York :
Name of publisher, distributor, etc. J.M. dent & sons ;
-- E.P. dutton & co.,
Date of publication, distribution, etc. 1961.
300 ## - PHYSICAL DESCRIPTION
Pagination vi, 314p. ;
Size 18cm.
650 #0 - SUBJECT ADDED ENTRY--TOPICAL TERM
Topical term or geographic name as entry element Knowledge, Theory of.
9 (RLIN) 91446
700 1# - ADDED ENTRY--PERSONAL NAME
Personal name Yolton, John W.
942 ## - ADDED ENTRY ELEMENTS (KOHA)
Source of classification or shelving scheme Dewey Decimal Classification
Koha item type Books
Holdings
Lost status Source of classification or shelving scheme Materials specified (bound volume or other part) Damaged status Not for loan Collection code Permanent Location Current Location Shelving location Date acquired Source of acquisition Cost, normal purchase price Total Checkouts Full call number Date last seen Copy number Koha item type
  Dewey Decimal Classification V-2   Added to bundle Non-fiction Central Library, University of Rajshahi Central Library, University of Rajshahi Reading Room 29/10/1965 Zeitlinger 25.00   192 LOE 1961 08/04/2014 C-1 Books